|
|
|
|
| LEADER |
00000nam a2200000 i 4500 |
| 001 |
1/94347 |
| 008 |
940823s1986 gre d |
| 035 |
|
|
|l 10009191
|
| 040 |
|
|
|a GR-MY-UA
|b gre
|e aacr
|
| 041 |
0 |
|
|a gre
|
| 082 |
0 |
|
|a 796.325
|
| 100 |
1 |
|
|a Κατσικαδέλλη, Αλκινόη Γ.
|
| 245 |
1 |
0 |
|a Πετοσφαίριση /
|c Αλκινόη Κατσικαδέλλη - Νίκος Μπεργελές
|
| 260 |
|
|
|a Αθήνα :
|b Salto,
|c 1986
|
| 300 |
|
|
|a 375 σ.
|b εικ.; φωτ.; σχ.
|
| 500 |
|
|
|a Βιβλιογραφία: σ.373, 375.
|
| 650 |
0 |
0 |
|a Volleyball.
|
| 700 |
1 |
|
|a Μπεργελές, Νίκος.
|
| 852 |
|
|
|a INST
|b LESVOS
|e 19940823
|h 796.325 ΚΑΤ
|p 005100006348
|q 005100006348
|t BK
|y 4
|x 20120208
|
| 909 |
|
|
|a Λ
|b 035172
|